Local administration in Bangladesh : (Record no. 5959)
[ view plain ]
| 000 -LEADER | |
|---|---|
| fixed length control field | 00801cam a2200253 i 4500 |
| 001 - CONTROL NUMBER | |
| control field | 5959 |
| 003 - CONTROL NUMBER IDENTIFIER | |
| rucl marc code | BD-RjUL |
| 005 - DATE AND TIME OF LATEST TRANSACTION | |
| control field | 20211208234148.0 |
| 008 - FIXED-LENGTH DATA ELEMENTS--GENERAL INFORMATION | |
| fixed length control field | 140108s2012 bg b 000 0 eng |
| 020 ## - INTERNATIONAL STANDARD BOOK NUMBER | |
| International Standard Book Number | 9847001900400 |
| 035 ## - SYSTEM CONTROL NUMBER | |
| System control number | (BD-RjUL)5998 |
| 040 ## - CATALOGING SOURCE | |
| Original cataloging agency | DLC |
| Language of cataloging | eng |
| Transcribing agency | DLC |
| Modifying agency | BD-RjUL |
| Description conventions | rda |
| 041 ## - LANGUAGE CODE | |
| Language code of text/sound track or separate title | eng |
| 082 04 - DEWEY DECIMAL CLASSIFICATION NUMBER | |
| Edition number | 19 |
| Classification number | 352.05492 |
| Author mark and year | AHL 2012 |
| 100 1# - MAIN ENTRY--PERSONAL NAME | |
| Personal name | Ahsan, A. H. M. Kamrul. |
| 9 (RLIN) | 18735 |
| 245 10 - TITLE STATEMENT | |
| Title | Local administration in Bangladesh : |
| Remainder of title | problems of coordination / |
| Statement of responsibility, etc. | A.H.M. Kamrul Ahsan. |
| 260 ## - PUBLICATION, DISTRIBUTION, ETC. (IMPRINT) | |
| Place of publication, distribution, etc. | Dhaka : |
| Name of publisher, distributor, etc. | A H Development Publishing House, |
| Date of publication, distribution, etc. | 2012 |
| 300 ## - PHYSICAL DESCRIPTION | |
| Pagination | 141 pages ; |
| Illustrations | ill.; |
| Size | 22 cm |
| 504 ## - BIBLIOGRAPHY, ETC. NOTE | |
| Bibliography, etc | Includes bibliographical references (pages 135-141). |
| 650 #0 - SUBJECT ADDED ENTRY--TOPICAL TERM | |
| Topical term or geographic name as entry element | Local government |
| Geographic subdivision | Bangladesh. |
| 9 (RLIN) | 7800 |
| 942 ## - ADDED ENTRY ELEMENTS (KOHA) | |
| Source of classification or shelving scheme | Dewey Decimal Classification |
| Koha item type | Books |
| Lost status | Source of classification or shelving scheme | Damaged status | Not for loan | Collection code | Permanent Location | Current Location | Shelving location | Date acquired | Source of acquisition | Cost, normal purchase price | Total Checkouts | Full call number | Date last seen | Copy number | Koha item type |
|---|---|---|---|---|---|---|---|---|---|---|---|---|---|---|---|
| Dewey Decimal Classification | Non-fiction | Central Library, University of Rajshahi | Central Library, University of Rajshahi | 01/01/2013 | Author, Rajshahi | 500.00 | 352.14095492 AHL 2012 | 08/01/2014 | C-3 | Books | |||||
| Dewey Decimal Classification | Not For Loan | Non-fiction | Central Library, University of Rajshahi | Central Library, University of Rajshahi | 01/01/2013 | Author, Rajshah | 500.00 | 352.14095492 AHL 2012 | 16/08/2016 | C-1 | Books | ||||
| Dewey Decimal Classification | Non-fiction | Central Library, University of Rajshahi | Central Library, University of Rajshahi | 01/01/2013 | Author, Rajshah | 500.00 | 352.14095492 AHL 2012 | 16/08/2016 | C-2 | Books | |||||
| Dewey Decimal Classification | Non-fiction | Central Library, University of Rajshahi | Central Library, University of Rajshahi | 01/01/2013 | Author | 500.00 | 352.14095492 AHL 2012 | 15/10/2016 | C-4 | Books | |||||
| Dewey Decimal Classification | Non-fiction | Central Library, University of Rajshahi | Central Library, University of Rajshahi | 01/01/2013 | Author | 500.00 | 352.14095492 AHL 2012 | 27/12/2016 | C-5 | Books |